000 00557nam a2200205 u 4500
005 20240228063736.0
008 080602s2007 ve r 000 0 spa d
020 _a9802573302
035 _aUPN01000156551
049 _aI
050 4 _aPZ74.3
_bE7.6
100 1 _aEspinoza, Gerald,
_d1974-
_934205
245 1 4 _aLos pollitos dicen /
_cGerald Espinoza.
260 _aCaracas :
_bEkaré,
_c2007.
300 _a[10] p. :
_bil. col.
440 0 _aPikinini
500 _aDatos tomados de la cubierta
650 4 _aRimas infantiles
_910247
905 _aLibro
999 _c128665
_d128665